Muros-cortina

Tallennettuna:
Bibliografiset tiedot
Päätekijä: Aguirre de Yraola, Fernando (Tekijä)
Aineistotyyppi: Kirja
Kieli:espanja
Julkaistu: Madrid Consejo Superior de Investigaciones Científicas Patronato Juan de la Cierva de Investigación Técnica 1963
Sarja:Monografías del Instituto Eduardo Torroja, 234
Aiheet:
Tagit: Lisää tagi
Ei tageja, Lisää ensimmäinen tagi!

MARC

LEADER 00000nam a2200000 a 4500
001 UCU7581
003 CL-VaPUC
008 960705e19630000SP |||||||||||||||||spa|d
082 0 4 |a 645.2  |b AGU  |2 21 
100 0 |a Aguirre de Yraola, Fernando  |e author  |9 366492 
245 1 0 |a Muros-cortina 
300 |a 156 p 
942 |c BK 
945 |d 19960705 00:00:00  |a cmena 
260 |a Madrid  |b Consejo Superior de Investigaciones Científicas Patronato Juan de la Cierva de Investigación Técnica  |c 1963 
650 0 |a Construcción  |9 260195 
650 7 |a PAREDES  |2 CL-VaPUC  |9 366493 
650 0 |a Estructuras  |9 271908 
650 7 |a RECUBRIMIENTOS IMPERMEABLES  |2 CL-VaPUC  |9 366494 
650 7 |a RECUBRIMIENTOS PROTECTORES  |2 CL-VaPUC  |9 339659 
650 0 |a Metales   |9 260686 
650 0 |a Aluminio  |9 359516 
650 0 |a Aceros  |9 260685 
650 0 |a Hormigones  |9 262546 
650 0 |a Madera  |9 262357 
583 |a last modification  |c 19960705 00:00:00  |k Rodrigo Vera 
490 0 |a Monografías del Instituto Eduardo Torroja, 234 
999 |c 250184  |d 250182